000 00411nam a22001577a 4500
999 _c8844
_d8844
003 OSt
008 200711b ||||| |||| 00| 0 eng d
020 _a9789387397613
100 _a Bothara, K G Gabhe,S Y
245 _aPharmaceutical Organic Chemistry I
250 _a2019
260 _aN Delhi
_bNirali Prakashan
_c2019
300 _a1.2
650 _aPharmaceutical Organic Chemistry
942 _2ddc
_cBK
_016